000 00734nam a2200241Ia 4500
003 OSt
005 20251118152709.0
008 220923b |||||||| |||| 00| 0 eng d
020 _a0333993985
037 _cGeneral Book
040 _aRTL
_cRTL
_beng
041 _2eng
_aeng
084 _aY:3(Q), P3
_qRTL
245 0 _aReligion and the cold war
260 _aNew York
_bPalgrave Macmillan
_c2003
300 _axiii,246 p.
_bIncludes bibliographical references and index.
490 _aCold War History Series
500 _aBibliography Chapterwise
650 _aSociology of Religion
_9852083
700 _aKirby, dianne
_eEditor
_9852084
942 _hY:3(Q), P3
_cGB
_2CC
_n0
999 _c631524
_d631524